000 00780nam a2200229Ii 4500
003 JO-AjNU
008 230605s9999||||xx |||||||||||||| ||und||
017 _a2020/1671
020 _a978-977-379-573-6
040 _aJO-AjNU
_bara
_erda
_cJO-AjNU
041 _aara
050 1 4 _aK564 2020
100 3 _aلطفي، خالد حسن احمد,
_eauthor
_961820
245 0 0 _aالتقاضي الالكتروني كنظام قضائي معلوماتي بين النظرية والتطبيق
250 _aط1
264 3 1 _aالاسكندرية: ادار الفكر الجامعي، 2020
300 _a210ص
336 _atext
_btxt
_2rdacontent
337 _aunmediated
_bn
_2rdamedia
338 _avolume
_bnc
_2rdacarrier
650 4 _aالمعلوماتية- قانون
_961821
999 _aA27963
_c31531
_d31531